বিশ্ব-রহমত মোহান্মদ মোস্তফা / (Record no. 6449)
[ view plain ]
| 000 -LEADER | |
|---|---|
| fixed length control field | 00690nam a2200217 a 4500 |
| 001 - CONTROL NUMBER | |
| JCCL Control Number | 6449 |
| 003 - CONTROL NUMBER IDENTIFIER | |
| JCCL marc code | BD-JhCC |
| 005 - DATE AND TIME OF LATEST TRANSACTION | |
| control field | 20180123185316.0 |
| 008 - FIXED-LENGTH DATA ELEMENTS--GENERAL INFORMATION | |
| fixed length control field | 180123s bg ||||| |||| 00| 0 ben d |
| 035 ## - SYSTEM CONTROL NUMBER | |
| system control number | (BD-JhCC) |
| 040 ## - CATALOGING SOURCE | |
| Original cataloging agency | BD-JhCC |
| Modifying agency | BD-JhCC |
| 041 ## - LANGUAGE CODE | |
| Language code of Book | ben |
| 082 ## - DEWEY DECIMAL CLASSIFICATION NUMBER | |
| Classification number | 297.124 |
| Author mark and Year | RAH |
| 100 ## - MAIN ENTRY--PERSONAL NAME | |
| Personal name | রহমান, সুফী হাবিবুর |
| 245 ## - TITLE STATEMENT | |
| Title | বিশ্ব-রহমত মোহান্মদ মোস্তফা / |
| Statement of responsibility, etc | আলহাজ্জ মৌ. সুফী হাবিবুর রহমান |
| 260 ## - PUBLICATION, DISTRIBUTION, ETC. (IMPRINT) | |
| Place of publication, distribution, etc | ঢাকা : |
| 300 ## - PHYSICAL DESCRIPTION | |
| Pagination | 310 p. : |
| Dimensions | 18 cm. |
| 650 ## - SUBJECT ADDED ENTRY--TOPICAL TERM | |
| Topical term or geographic name as entry element | Prophet Muhammad (sm) |
| General subdivision | Holy prophet (sm) |
| 942 ## - ADDED ENTRY ELEMENTS (KOHA) | |
| Source of classification or shelving scheme | Dewey Decimal Classification |
| Koha item type | Books |
| Source of classification or shelving scheme | Damaged status | Not for loan | Home library | Current library | Shelving location | Total Checkouts | Full call number | Barcode | Date last seen | Copy number | Koha item type |
|---|---|---|---|---|---|---|---|---|---|---|---|
| Dewey Decimal Classification | JCC Rouf Library | JCC Rouf Library | General Stacks | 297.63 RAH | 609 | 01/23/2018 | C - 1 | Books |